Central Library OPAC University of Rajshahi

The Times compact history of the world / (Record no. 75745)

MARC details
000 -LEADER
fixed length control field 00685nam a22002417a 4500
001 - CONTROL NUMBER
control field 75745
003 - CONTROL NUMBER IDENTIFIER
rucl marc code BD-RjUL
005 - DATE AND TIME OF LATEST TRANSACTION
control field 20211209082733.0
008 - FIXED-LENGTH DATA ELEMENTS--GENERAL INFORMATION
fixed length control field 190626s2002 enk||||| |||| 001 0 eng d
020 ## - INTERNATIONAL STANDARD BOOK NUMBER
International Standard Book Number 000710927X
International Standard Book Number 9780007650804
035 ## - SYSTEM CONTROL NUMBER
System control number (BD-RjUL)75964
040 ## - CATALOGING SOURCE
Original cataloging agency BD-RjUL
Language of cataloging eng
Transcribing agency BD-RjUL
041 ## - LANGUAGE CODE
Language code of text/sound track or separate title eng
082 ## - DEWEY DECIMAL CLASSIFICATION NUMBER
Edition number 22
Classification number 909
Author mark and year TIM 2002
245 03 - TITLE STATEMENT
Title The Times compact history of the world /
Statement of responsibility, etc. edited by Geoffrey Parker.
250 ## - EDITION STATEMENT
Edition statement 3rd ed.
260 ## - PUBLICATION, DISTRIBUTION, ETC. (IMPRINT)
Place of publication, distribution, etc. London :
Name of publisher, distributor, etc. Grafton,
Date of publication, distribution, etc. 2002.
300 ## - PHYSICAL DESCRIPTION
Pagination 192 pages :
Illustrations illustrations (some color), color maps ;
Size 26 cm.
500 ## - GENERAL NOTE
General note Includes index.
700 ## - ADDED ENTRY--PERSONAL NAME
Personal name Parker, Geoffrey
942 ## - ADDED ENTRY ELEMENTS (KOHA)
Source of classification or shelving scheme Dewey Decimal Classification
Koha item type Books
Holdings
Lost status Source of classification or shelving scheme Damaged status Not for loan Permanent Location Current Location Shelving location Date acquired Source of acquisition Cost, normal purchase price Total Checkouts Full call number Date last seen Copy number Koha item type
  Dewey Decimal Classification   Not For Loan Central Library, University of Rajshahi Central Library, University of Rajshahi Reading Room 22/05/2019 Author 16.99   909 TIM 2002 26/06/2019 C-1 Books